¿Qué lugar ocupa el hombre en la divina revelación? (Registro nro. 69560)
[ vista simple ]
| 000 -LÍDER | |
|---|---|
| Campo fijo de descripción fija | 01303nab a2200217 i 4500 |
| 001 - NÚMERO DE CONTROL | |
| Campo de control | 768714001 |
| 003 - IDENTIFICADOR DEL NÚMERO DE CONTROL | |
| Campo de control | CO-MdFUSB |
| 005 - FECHA Y HORA DE LA ULTIMA TRANSACCIÓN | |
| control field | 20240508160359.0 |
| 008 - ELEMENTOS DE LONGITUD FIJA -- INFORMACIÓN GENERAL | |
| Campo fijo de descripción fija -- Información general | 240507t1967 sp ||||| |||| 00| 0 spa d |
| 040 ## - FUENTE DE CATALOGACIÓN | |
| Idioma de catalogación | spa |
| Agencia que realiza la transcripción | CO-MdFUSB |
| Agencia que realiza la modificación | CO-MdFUSB |
| 041 ## - CÓDIGO DE IDIOMA | |
| Código de idioma para texto/pista de sonido o título separado | spa |
| 100 ## - ASIENTO PRINCIPAL--NOMBRE PERSONAL | |
| Nombre personal | Bakker, Leo, |
| Término relacionador | autor |
| 245 ## - TÍTULO | |
| Título | ¿Qué lugar ocupa el hombre en la divina revelación? |
| Mención de responsabilidad | / Leo Bakker |
| 520 ## - NOTA DE RESUMEN, ETC. | |
| Nota de sumario, etc. | La revelación se convirtió en un tema dominante no sólo en la teología protestante sino cada vez más en la católica. Este artículo se limita a uno de ellos, pero es fundamental: ¿la revelación es la palabra de Dios que desciende verticalmente sobre el hombre, por así decirlo, desde fuera y sin intervención humana? ¿O puede decirse que la revelación expresa e ilumina la comprensión que el hombre tiene de sí mismo? La primera parte de este artículo explica cómo se desarrolló el problema y la segunda parte ofrece nuevas ideas al respecto |
| 650 #7 - ASIENTO SECUNDARIO DE MATERIA - TERMINO TEMÁTICO | |
| Término temático o nombre geográfico como elemento de entrada | Teología dogmática |
| 9 (RLIN) | 6937 |
| 650 #0 - ASIENTO SECUNDARIO DE MATERIA - TERMINO TEMÁTICO | |
| Término temático o nombre geográfico como elemento de entrada | Biblia |
| 9 (RLIN) | 16 |
| 650 #0 - ASIENTO SECUNDARIO DE MATERIA - TERMINO TEMÁTICO | |
| Término temático o nombre geográfico como elemento de entrada | Revelación en la Biblia |
| 9 (RLIN) | 1078 |
| 773 0# - ASIENTO DE ITEM FUENTE | |
| Biblionumber | 49450 |
| Itemnumber | 82581 |
| Otro identificador del ítem | R2511 |
| Título | Revista internacional de teología Concilium |
| Número de control del registro | (CO-MdFUSB)8 |
| Número Internacional Normalizado para Publicaciones Seriadas (ISSN) | 0210-1041 |
| Parte(s) relacionada(s) / Volumen., número. (mes año), páginas | Número 21, (enero, 1967), páginas: 23 - 42 |
| Enumeración y primera página | página: 23 |
| 942 ## - TIPO DE MATERIAL (KOHA) | |
| Tipo de Item KOHA | Artículos de Revista |
| 945 ## - INFORMACIÓN LOCAL DEL REGISTRO | |
| Catalogador | Catherine Arias Alvarez - Practicante SENA |
No hay ítems disponibles.
